00664 2200205 4500001002100000005001500021035002000036007000300056008004100059020001800100082001100118084001700129100001300146245009300159250002000252260005900272300003700331650005400368856003600422INLIS00000000114001220220126124439 a0010-0122005189ta220126 g 0 ind  a979-462-555-8 a574.07 a574.07 RUS p0 aRustaman1 aPokok-Popok Pengajaran Biologi Dan Kurikulum 1994 /cNuryani Rustaman & Andrian Rustaman aCetakan pertama aJakarta :bDepartemen Pendidikan dan Kebudayaan,c1997 aviii; 48 halaman :b... ;c23 cm 4ailmu murni kurikulum-studi dan pengajaran biologi aPerpustakaan Umum Kota Makassar